[Event "Schleswig Holstein-ch VM 59th"]
[Site "Buesum"]
[Date "2004.??.??"]
[Round "3"]
[White "Herholz, Holger"]
[Black "Kemeny, Matthias"]
[Result "1/2-1/2"]
[WhiteElo "2118"]
[BlackElo "2069"]
[PlyCount "99"]
[EventDate "2004.??.??"]
[EventType "tourn"]
[EventRounds "9"]
[EventCountry "GER"]
[SourceTitle "EXT 2010"]
[Source "ChessBase"]
[SourceDate "2010.11.25"]
[SourceVersion "1"]
[SourceVersionDate "2010.11.25"]
[SourceQuality "1"]

1. d4 Nf6 2. c4 g6 3. Nc3 d5 4. Nf3 Bg7 5. e3 0-0 6. cxd5 Nxd5 7. Bc4 Nxc3 8. bxc3 c5 9. 0-0 Nc6 10. Bb2 a6 11. a4 Bf5 12. Ng5 Na5 13. Bxf7+ Rxf7 14. Nxf7 Kxf7 15. f3 c4 16. e4 Bd7 17. f4 Kg8 18. g4 Qb6 19. Ba3 Nb3 20. Rb1 Qe6 21. Re1 Bxa4 22. f5 Qd7 23. Qe2 Bb5 24. Rbd1 Rf8 25. Rf1 Rf7 26. Kg2 e6 27. fxe6 Qxe6 28. Rxf7 Qxf7 29. Qf3 Qxf3+ 30. Kxf3 Bh6 31. e5 Nd2+ 32. Ke2 Ne4 33. Bb2 Bd7 34. h3 Ng5 35. Rh1 Nxh3 36. Rxh3 Bxg4+ 37. Rf3 Bxf3+ 38. Kxf3 Kf7 39. d5 Bg7 40. Ke4 h5 41. e6+ Ke8 42. d6 Bf6 43. Bc1 h4 44. d7+ Kd8 45. Be3 Kc7 46. Kd5 Be7 47. Bf4+ Kd8 48. Be3 Kc7 49. Bf4+ Kd8 50. Be3 1/2-1/2

[Event "Schleswig Holstein-ch VM 59th"]
[Site "Buesum"]
[Date "2004.??.??"]
[Round "5"]
[White "Herholz, Holger"]
[Black "Klawitter, Harald"]
[Result "0-1"]
[WhiteElo "2118"]
[BlackElo "2074"]
[PlyCount "64"]
[EventDate "2004.??.??"]
[EventType "tourn"]
[EventRounds "9"]
[EventCountry "GER"]
[SourceTitle "EXT 2010"]
[Source "ChessBase"]
[SourceDate "2010.11.25"]
[SourceVersion "1"]
[SourceVersionDate "2010.11.25"]
[SourceQuality "1"]

1. d4 Nf6 2. c4 c5 3. d5 b5 4. cxb5 a6 5. bxa6 Bxa6 6. Nc3 d6 7. b3 g6 8. Bb2 Bg7 9. Qd2 Nbd7 10. g3 0-0 11. Bg2 Qb6 12. e4 c4 13. Na4 Qb7 14. Ne2 cxb3 15. axb3 Bxe2 16. Kxe2 Qxb3 17. Nc3 Nc5 18. Rhb1 Qc4+ 19. Kd1 Nb3 20. Rxa8 Nxd2 21. Rxf8+ Bxf8 22. Kxd2 Qd4+ 23. Ke2 Ng4 24. Nd1 Qc4+ 25. Kd2 Bh6+ 26. f4 Ne5 27. Bxe5 dxe5 28. Rb8+ Kg7 29. Ne3 Qa2+ 30. Nc2 exf4 31. Kd1 fxg3 32. hxg3 Qa7 0-1